Marvel Or Dc Characters #1 - Statistics

General Stats
  • This quiz has been taken 884 times
  • The average score is 13 of 15
Answer Stats
Question Answer % Correct
Batman DC
99%
ironman Marvel
99%
Thanos Marvel
99%
Hulk Marvel
99%
Superman DC
98%
Spiderman Marvel
98%
Flash DC
96%
Wonder Woman DC
94%
Wolverine Marvel
94%
Galactus Marvel
86%
Sinestro DC
78%
Saint Walker DC
76%
Phantom Stranger DC
71%
Mephisto Marvel
70%
Black Cat Marvel
54%
No matching quizzes found
Score Distribution
Percent of People with Each Score
Percentile by Number Answered
Your Score History
You have not taken this quiz